000 00870nam a22002897a 4500
001 BR5400018
003 BR-BrBNA
005 20230928082947.0
007 ta
008 230509b bl.||||| |||| 00| 0 por d
040 _aBR-BrBNA
_bpor
_cBiblioteca Nacional de Agricultura
041 _a(Por)
072 _aF00
_b0312
_b/G514
090 _ 0312 BR5400018
100 1 _aLima, I.R. de
245 1 _aO babacu como fonte energetica. [Producao vegetal; Orbynia Martiana; Orbynia Speciosa; Brasil]
260 3 _aRio de Janeiro, GB (Brasil):
_bEngenharia Editor,
_c1954.
300 _a32 p.
500 _a8 illus.; Reprint of "Revista do Clube de Engenharia." v. 214, 216 e 217
650 _aProducao vegetal
650 _aBabacu
650 _aRecurso energetico
650 _aOleo
650 _aAmendoa
909 _a202309
_bLucia
_c55
_dLucia Elande
942 _cBK
999 _c10830
_d10830